Biblioteca y Centro de Documentación

La sécurité alimentaire (Registro nro. 40414)

Detalles MARC
000 -CABECERA
Longitud fija campo de control 00896naa a2200277 c 4500
001 - NÚMERO DE CONTROL
Número de control 40414
003 - IDENTIFICADOR DE NÚMERO DE CONTROL
Identificador del número de control ES-MaCES
005 - FECHA Y HORA DE LA ÚLTIMA TRANSACCIÓN
Fecha y hora de la última transacción 20100618100100.0
008 - CAMPO FIJO DE DESCRIPCIÓN FIJA--INFORMACIÓN GENERAL
Códigos de información de longitud fija   100617n2010 fr t 000 | fre d
035 ## - NÚMERO DE CONTROL DEL SISTEMA
Número de control del sistema CES20100007524v
040 ## - FUENTE DE CATALOGACIÓN
Centro catalogador de origen ES-MaCES
Lengua de catalogación spa
Centro transcriptor ES-MaCES
100 1# - ENCABEZAMIENTO PRINCIPAL--NOMBRE PERSONAL
Nombre de persona Dewbre, Joe
9 (RLIN) 10630
245 13 - MENCIÓN DE TÍTULO
Título La sécurité alimentaire
Mención de responsabilidad, etc. Joe Dewbre
650 #4 - ASIENTO SECUNDARIO DE MATERIA--TÉRMINO DE MATERIA
Término de materia o nombre geográfico como elemento inicial papel de la FAO
9 (RLIN) 30604
650 #4 - ASIENTO SECUNDARIO DE MATERIA--TÉRMINO DE MATERIA
Término de materia o nombre geográfico como elemento inicial lucha contra la pobreza
9 (RLIN) 30648
650 #4 - ASIENTO SECUNDARIO DE MATERIA--TÉRMINO DE MATERIA
Término de materia o nombre geográfico como elemento inicial economía agraria
9 (RLIN) 27486
650 #4 - ASIENTO SECUNDARIO DE MATERIA--TÉRMINO DE MATERIA
Término de materia o nombre geográfico como elemento inicial consumo
9 (RLIN) 27907
650 #4 - ASIENTO SECUNDARIO DE MATERIA--TÉRMINO DE MATERIA
Término de materia o nombre geográfico como elemento inicial producción alimentaria
9 (RLIN) 27664
650 #4 - ASIENTO SECUNDARIO DE MATERIA--TÉRMINO DE MATERIA
Término de materia o nombre geográfico como elemento inicial seguridad alimentaria
9 (RLIN) 28667
650 #4 - ASIENTO SECUNDARIO DE MATERIA--TÉRMINO DE MATERIA
Término de materia o nombre geográfico como elemento inicial alimento
9 (RLIN) 28659
653 10 - TÉRMINO DE INDEXACIÓN--NO CONTROLADO
Término no controlado Agricultura-Ganadería
773 0# - ENTRADA DE DOCUMENTO FUENTE
Título L'observateur de l'OCDE
Parte(s) relacionada(s) nº 278 (mars 2010){10173 R. 076927}; p. 22-23
Número de control del registro relacionado (ES-MaCES)25190
Itemnumber del ítem fuente 40970
902 ## - CES. TIPO DE DOCUMENTO
Tipodoc (006$c Sirtex) ART Artículo de revista
942 ## - ELEMENTOS KOHA
Fuente de clasificaión o esquema Clasificación propia del CES
Koha [por defecto] tipo de item Artículos (1982-2017)
Parte de clasificación 5.0.

No hay ítems disponibles.

© CES, Consejo Económico y Social de España 2021